00398nam a2200157Ia 450000500170000000800410001702000180005808200150007624500430009126000400013430000140017465000120018865000100020065000110021070000190022120241128030809.0240331s9999 xx 000 0 und d a9789889966935 bASIa6413  0aAsia literary review Vol.6 winter 2007 aHong KongbPrint Work Limitedc2007 a262 p .,  aFiction aPoems aEssays aWood, C. eedt